[Event "Legends and Prodigies"]
[Site "Madrid ESP"]
[Date "2025.09.21"]
[Round "5.3"]
[White "Lu, Miaoyi"]
[Black "Cuenca Jimenez, Jose Fernando"]
[Result "0-1"]
[WhiteTitle "IM"]
[BlackTitle "GM"]
[WhiteElo "2449"]
[BlackElo "2475"]
[WhiteFideId "8618020"]
[BlackFideId "2255570"]
[EventDate "2025.09.17"]

1. e4 e6 2. d4 d5 3. Nc3 Nf6 4. e5 Nfd7 5. Nce2 c5 6. c3 Nc6 7. Nf3 Be7 8. a3
Qa5 9. Bf4 Nxd4 10. Nexd4 cxd4 11. Nxd4 Nb8 12. Bd3 Nc6 13. O-O Nxd4 14. cxd4
Bd7 15. Qe2 O-O 16. h4 a6 17. Qg4 Rfc8 18. a4 Qb4 19. Bh6 Bf8 20. h5 Kh8 21. Bg5
Bxa4 22. Ra3 h6 23. Bh4 Bb3 24. Qf3 Bc2 25. Bxc2 Rxc2 26. Qxf7 Qxd4 27. Bf6 Qe4
28. Rg3 Qh7 29. Bh4 g5 30. hxg6 Qxf7 31. gxf7 Kh7 32. Rd1 Rc7 33. Rf3 Bg7 34.
Bg3 Rf8 35. Rdd3 Rfxf7 36. Rxf7 Rxf7 37. Rc3 Kg6 38. f4 Kf5 39. Bf2 Rd7 40. g3
d4 41. Rc1 Ke4 42. Kg2 Bf8 43. Re1+ Kd3 44. Rd1+ Kc4 45. Kf3 d3 46. Ke4 d2 47.
Be3 Bb4 48. g4 Kb3 49. f5 Kc2 50. Bxd2 Bxd2 51. fxe6 Rh7 52. Rf1 Kxb2 53. Rf7
Rh8 54. Rxb7+ Kc2 55. e7 a5 56. Kd5 a4 57. Ra7 Kb3 58. Ke6 Bb4 59. Kf7 Rh7+ 60.
Kf6 Rxe7 61. Rxe7 Bxe7+ 62. Kxe7 a3 63. e6 a2 64. Kf7 a1=Q 65. e7 Qf1+ 66. Kg7
Qe2 0-1

[Event "Legends and Prodigies"]
[Site "Madrid ESP"]
[Date "2025.09.21"]
[Round "5.4"]
[White "Larino Nieto, David"]
[Black "Martinez Reyes, Pedro Ramon"]
[Result "1/2-1/2"]
[WhiteTitle "GM"]
[BlackTitle "IM"]
[WhiteElo "2451"]
[BlackElo "2376"]
[WhiteFideId "2256444"]
[BlackFideId "3901807"]
[EventDate "2025.09.17"]

1. d3 d5 2. Nd2 Nf6 3. b3 e5 4. Bb2 Nc6 5. Ngf3 e4 6. Nd4 e3 7. fxe3 Ng4 8. Nxc6
bxc6 9. Nf3 Nxe3 10. Qc1 Nxf1 11. Kxf1 f6 12. Qe3+ Kf7 13. Qf2 Bd6 14. Ne5+ Bxe5
15. Bxe5 c5 16. Qf4 Bb7 17. Bxc7 Qd7 18. Qd6 Qf5+ 19. Kg1 Rhe8 20. Rf1 Qg4 21.
e3 Rxe3 22. h3 Qe2 23. Bd8 Ke8 24. Ba5 d4 25. Rf2 Qh5 26. Kh2 Kf7 27. Bd2 Re6
28. Qc7+ Re7 29. Qg3 Rae8 30. Rhf1 Re2 31. Bf4 Rxf2 32. Rxf2 Qd5 33. a4 a6 34.
Qh4 h6 35. Bg3 Kg8 36. Qf4 Re5 37. h4 Bc6 38. Qg4 Bd7 39. Qf3 Qxf3 40. gxf3 Re6
41. Bb8 g5 42. Ba7 Re5 43. Kg3 Bc6 44. hxg5 hxg5 45. f4 gxf4+ 46. Kxf4 Kf7 47.
Bb8 Rd5 48. Rh2 Bd7 49. Kg3 Rg5+ 50. Kf2 Ke6 51. Bf4 Rg4 52. Kf3 Rg7 53. Re2+
Kd5 54. Re1 Bc6 55. Bg3 Rh7 56. Kf4 Bd7 57. Kf3 Bc6 58. Kf2 Bd7 59. Re4 Be6 60.
Rf4 Rh1 61. Ke2 Rg1 62. Bh4 Rg4 63. Kf3 f5 64. Bg3 Bd7 65. Kf2 Rxf4+ 66. Bxf4 1/2-1/2

[Event "Legends and Prodigies"]
[Site "Madrid ESP"]
[Date "2025.09.21"]
[Round "5.5"]
[White "Pichot, Alan"]
[Black "Almeida Quintana, Omar"]
[Result "1-0"]
[WhiteTitle "GM"]
[BlackTitle "GM"]
[WhiteElo "2588"]
[BlackElo "2494"]
[WhiteFideId "110973"]
[BlackFideId "3503313"]
[EventDate "2025.09.17"]

1. e4 d6 2. d4 Nf6 3. Nc3 g6 4. Nf3 Bg7 5. Be3 O-O 6. Qd2 c5 7. dxc5 dxc5 8.
O-O-O Qa5 9. e5 Ng4 10. Bf4 Nc6 11. Qe1 Nd4 12. Nxd4 cxd4 13. Rxd4 Be6 14. Re4
Rac8 15. h3 Rxc3 16. bxc3 Qa3+ 17. Kd2 Nh6 18. Bd3 Rc8 19. Ke2 Bf5 20. Rd4 f6
21. Bxh6 Bxd3+ 22. Rxd3 Bxh6 23. exf6 exf6 24. Kf3 Qxa2 25. Qe4 Bf8 26. Rhd1 Rc7
27. g3 Qf7 28. Kg2 Bc5 29. Qa4 Qe6 30. Rd8+ Bf8 31. Re8 1-0

[Event "Legends and Prodigies"]
[Site "Madrid ESP"]
[Date "2025.09.22"]
[Round "6.1"]
[White "Martinez Reyes, Pedro Ramon"]
[Black "Almeida Quintana, Omar"]
[Result "1-0"]
[WhiteTitle "IM"]
[BlackTitle "GM"]
[WhiteElo "2376"]
[BlackElo "2494"]
[WhiteFideId "3901807"]
[BlackFideId "3503313"]
[EventDate "2025.09.17"]

1. d4 d6 2. Nf3 Nf6 3. c4 g6 4. Nc3 Bg7 5. e4 O-O 6. Be2 Nbd7 7. O-O e5 8. Be3
Re8 9. Qc2 exd4 10. Nxd4 c6 11. Rad1 a6 12. Nb3 Qe7 13. f3 Ne5 14. Na4 b5 15.
Nb6 Rb8 16. c5 d5 17. exd5 Nc4 18. Bf4 Nxb6 19. Bxb8 Nbxd5 20. Bd3 Ne3 21. Rfe1
Nxc2 22. Rxe7 Rxe7 23. Bxc2 Nd5 24. Na5 Re8 25. Be4 Bd7 26. Bd6 Bxb2 27. Bxd5
cxd5 28. Rxd5 Re1+ 29. Kf2 Rc1 30. Be5 Rc2+ 31. Kg3 Bxe5+ 32. Rxe5 Kf8 33. a3 f6
34. Rd5 Ke7 35. Rd6 Rxc5 36. Rxa6 Rc3 37. Ra7 g5 38. h4 h5 39. Ra6 Kf7 40. Nb7
Ke7 41. Nd6 Rc2 42. Ne4 gxh4+ 43. Kxh4 f5 44. Nf6 Rxg2 45. Nd5+ Kf8 46. Ra8+ Be8
47. Nf6 Rh2+ 48. Kg5 Rg2+ 49. Kxf5 h4 50. Rxe8+ Kf7 51. Rh8 Ra2 52. Rxh4 Ke7 53.
Rd4 1-0

[Event "Legends and Prodigies"]
[Site "Madrid ESP"]
[Date "2025.09.22"]
[Round "6.2"]
[White "Oro, Faustino"]
[Black "Pichot, Alan"]
[Result "1-0"]
[WhiteTitle "IM"]
[BlackTitle "GM"]
[WhiteElo "2464"]
[BlackElo "2588"]
[WhiteFideId "20000197"]
[BlackFideId "110973"]
[EventDate "2025.09.17"]

1. e4 e5 2. Nf3 Nc6 3. Nc3 Nf6 4. Bb5 Bb4 5. O-O O-O 6. Bxc6 dxc6 7. d3 Nd7 8.
Ne2 Re8 9. a4 Nf8 10. Nd2 Ng6 11. Nc4 Be6 12. b3 Qd7 13. Kh1 b5 14. Ne3 Bc5 15.
Bb2 Bxe3 16. fxe3 a6 17. Qd2 c5 18. Qc3 c4 19. bxc4 bxc4 20. d4 Rab8 21. d5 Bg4
22. Ng1 Qc8 23. Ba3 c6 24. Rab1 Bd7 25. Rxb8 Qxb8 26. Qxc4 cxd5 27. exd5 Rc8 28.
Qxa6 Rxc2 29. Rc1 Ra2 30. Rb1 Qe8 31. Qd6 Rc2 32. Bc5 h5 33. Rb8 Bc8 34. Qc7
Qxa4 35. Qxc8+ Kh7 36. Qf5 Kh6 37. Be7 1-0

[Event "Legends and Prodigies"]
[Site "Madrid ESP"]
[Date "2025.09.22"]
[Round "6.3"]
[White "Cuenca Jimenez, Jose Fernando"]
[Black "Macias Pino, Diego"]
[Result "0-1"]
[WhiteTitle "GM"]
[BlackTitle "IM"]
[WhiteElo "2475"]
[BlackElo "2503"]
[WhiteFideId "2255570"]
[BlackFideId "24529133"]
[EventDate "2025.09.17"]

1. d4 Nf6 2. c4 e6 3. Nc3 Bb4 4. e3 O-O 5. a3 Bxc3+ 6. bxc3 d6 7. Bd3 e5 8. e4
exd4 9. cxd4 Nxe4 10. Ne2 Re8 11. O-O h6 12. Ng3 d5 13. Bxe4 dxe4 14. Re1 b5 15.
d5 bxc4 16. Bb2 Nd7 17. Rxe4 Rxe4 18. Nxe4 Nb6 19. Qf3 Nxd5 20. Rd1 c6 21. Qc3
Qf8 22. Qxc4 Bd7 23. h3 a5 24. Rd3 Rb8 25. Qd4 Bf5 26. Rd2 Bxe4 27. Qxe4 Re8 28.
Qg4 Re1+ 29. Kh2 Re6 30. g3 f5 31. Qf3 f4 32. gxf4 Qf5 33. Qg4 Qxf4+ 34. Qxf4
Nxf4 35. Rd8+ Kh7 36. Rd7 Rg6 37. Be5 Nh5 38. Ra7 Rg5 39. Bc7 Rf5 40. Kg2 Rf7
41. Bb8 Nf4+ 42. Kf3 Rxa7 43. Bxa7 Nxh3 44. a4 Ng5+ 45. Kf4 Kg6 46. Bb6 h5 47.
Bxa5 Ne6+ 48. Ke5 Nc5 49. Bd8 Nxa4 50. f4 Kf7 51. f5 Nc3 52. Bg5 c5 53. Be3 c4
54. Bg5 Ne2 55. Ke4 c3 56. Kf3 Nd4+ 57. Ke4 Nb5 58. Ke5 c2 59. Ke4 h4 60. Kf3
Nd4+ 61. Kg4 Nxf5 0-1

[Event "Legends and Prodigies"]
[Site "Madrid ESP"]
[Date "2025.09.22"]
[Round "6.4"]
[White "Granda Zuniga, Julio E"]
[Black "Schnaider, Ilan"]
[Result "1-0"]
[WhiteTitle "GM"]
[BlackTitle "IM"]
[WhiteElo "2628"]
[BlackElo "2409"]
[WhiteFideId "3800024"]
[BlackFideId "169013"]
[EventDate "2025.09.17"]

1. d4 d5 2. Nf3 Nf6 3. Bf4 c5 4. e3 e6 5. Nbd2 cxd4 6. exd4 Qb6 7. Qc1 Bd7 8. a4
Nc6 9. c3 Nh5 10. Be3 Qc7 11. Nb3 b6 12. Be2 Bd6 13. Ne5 Bxe5 14. dxe5 Qxe5 15.
g4 Nf6 16. Bf4 Qe4 17. f3 Qg6 18. Qe3 d4 19. Nxd4 Nd5 20. Qd2 Nxf4 21. Qxf4 e5
22. Qe3 O-O 23. Nb5 Na5 24. Rd1 Bxb5 25. axb5 Rac8 26. Bd3 Qf6 27. O-O Nb3 28.
Rfe1 Rfe8 29. Bf5 Rb8 30. Rd5 e4 31. g5 Qe7 32. Bxe4 g6 33. Qf4 Nc5 34. Kg2 Ne6
35. Qe5 Qc7 36. Qxc7 Nxc7 37. Rd7 Ne6 38. h4 Nc5 39. Rxa7 Rbd8 40. Re2 Re5 41.
b4 Ne6 42. Kg3 Rc8 43. Ra3 Rxb5 44. Ra8 Rxa8 45. Bxa8 h6 46. Bc6 Rf5 47. Bd7
hxg5 48. Rxe6 gxh4+ 49. Kg4 fxe6 50. Bxe6+ Kg7 51. Bxf5 gxf5+ 52. Kxh4 Kf6 53.
c4 Ke5 54. Kg5 Kd4 55. c5 Kd5 1-0

[Event "Legends and Prodigies"]
[Site "Madrid ESP"]
[Date "2025.09.22"]
[Round "6.5"]
[White "Larino Nieto, David"]
[Black "Lu, Miaoyi"]
[Result "1-0"]
[WhiteTitle "GM"]
[BlackTitle "IM"]
[WhiteElo "2451"]
[BlackElo "2449"]
[WhiteFideId "2256444"]
[BlackFideId "8618020"]
[EventDate "2025.09.17"]

1. e3 Nf6 2. b3 b6 3. Bb2 Bb7 4. Nf3 e6 5. c4 c5 6. Nc3 Be7 7. Be2 O-O 8. O-O d5
9. cxd5 Nxd5 10. d4 Nxc3 11. Bxc3 Nd7 12. Qc1 Rc8 13. Qb2 Bf6 14. Rfd1 Qe7 15.
a4 cxd4 16. exd4 Rc7 17. Qd2 a5 18. Bb2 Rfc8 19. Ba3 Qd8 20. Bc4 Be7 21. d5 exd5
22. Bxd5 Bxa3 23. Bxb7 Rxb7 24. Rxa3 Qf6 25. b4 axb4 26. Qxb4 Nc5 27. Re1 h6 28.
h4 Ra8 29. h5 Qf5 30. Re5 Qd7 31. Qc4 Rxa4 32. Rxa4 Qxa4 33. Qe2 Rb8 34. g3 Rd8
35. Kg2 Qc6 36. Qc4 Re8 37. Rd5 Qe6 38. Qd4 Qe4 39. Qd2 Ra8 40. Rd4 Qb7 41. Rg4
Ra3 42. Qe2 Kh8 43. Qe8+ Kh7 44. Rf4 Ra7 45. Rf5 Qd7 46. Qe5 Qe6 47. Nd4 Qxe5
48. Rxe5 g6 49. hxg6+ fxg6 50. f4 Kg7 51. Re8 Rb7 52. Rc8 h5 53. Rc6 Rd7 54. Nf3
Na4 55. Ne5 Rd2+ 56. Kf3 b5 57. Rxg6+ Kf8 58. f5 Rd5 59. Kf4 b4 60. Rc6 Nc3 61.
f6 Rd8 62. Kf5 Nd5 63. Ra6 b3 64. Ra7 Nxf6 65. Ng6+ Kg8 66. Kxf6 Rd6+ 67. Kg5 b2
68. Rb7 Rd5+ 69. Kh6 Rd7 70. Rxd7 1-0

[Event "Legends and Prodigies"]
[Site "Madrid ESP"]
[Date "2025.09.23"]
[Round "7.2"]
[White "Almeida Quintana, Omar"]
[Black "Oro, Faustino"]
[Result "1/2-1/2"]
[WhiteTitle "GM"]
[BlackTitle "IM"]
[WhiteElo "2494"]
[BlackElo "2464"]
[WhiteFideId "3503313"]
[BlackFideId "20000197"]
[EventDate "2025.09.17"]

1. d4 Nf6 2. c4 e6 3. Nf3 d5 4. Nc3 c6 5. e3 Nbd7 6. Qc2 b6 7. cxd5 cxd5 8. Nb5
Bb4+ 9. Bd2 Bxd2+ 10. Nxd2 O-O 11. Bd3 a6 12. Nd6 b5 13. Nb3 Qb6 14. Nxc8 Rfxc8
15. Qe2 Ne8 16. O-O Nd6 17. Rac1 h6 1/2-1/2

[Event "Legends and Prodigies"]
[Site "Madrid ESP"]
[Date "2025.09.23"]
[Round "7.3"]
[White "Schnaider, Ilan"]
[Black "Cuenca Jimenez, Jose Fernando"]
[Result "1/2-1/2"]
[WhiteTitle "IM"]
[BlackTitle "GM"]
[WhiteElo "2409"]
[BlackElo "2475"]
[WhiteFideId "169013"]
[BlackFideId "2255570"]
[EventDate "2025.09.17"]

1. e4 e6 2. d4 d5 3. e5 c5 4. c3 Nc6 5. Nf3 Nge7 6. Na3 Bd7 7. Be2 cxd4 8. cxd4
Nf5 9. Nc2 Nb4 10. O-O Nxc2 11. Qxc2 Qb6 12. Qd3 a6 13. g4 Ne7 14. a3 Bb5 15.
Qb3 Qc6 16. Re1 Bxe2 17. Rxe2 Qb5 18. Qd1 Ng6 19. Be3 Be7 20. Rc1 O-O 21. Rec2
f6 22. exf6 Bxf6 23. b4 Be7 24. Ne5 Bd6 25. Nxg6 hxg6 26. Qd2 a5 27. bxa5 Bxa3
28. Ra1 Rxa5 29. Qd1 Rfa8 30. Rb1 Qd7 31. Qd3 Qf7 32. Kg2 Bf8 33. Rbc1 Ra3 34.
Qb5 g5 35. Rc7 Qg6 36. Qb1 Rd3 37. R7c3 Qe4+ 38. f3 Qxe3 39. Qxd3 Ra2+ 40. Kh1
Qf4 41. R3c2 Ra3 42. Qe2 Re3 43. Qd2 Rxf3 44. Qxf4 Rxf4 45. Rd1 b5 46. h3 b4 47.
Kg2 Be7 48. Re2 Kf7 49. Rf1 Bf6 50. Rxf4 gxf4 51. Rd2 g5 52. Kf3 b3 53. h4 gxh4
54. Kxf4 Kg6 55. Kf3 Kg5 56. Rb2 Bxd4 57. Rxb3 Be5 58. Rb6 Kf6 59. Kg2 Bf4 60.
Kf3 Ke5 61. Rb7 Bg5 62. Rb6 Kf6 63. Ra6 d4 64. Ke4 Be3 65. Ra5 Bf2 66. Ra8 Be3
67. Rh8 Kg5 68. Kf3 Kg6 69. Rxh4 Bg5 70. Rh3 d3 71. Ke4 d2 72. Rd3 Kf6 73. Rd7
Bh6 74. Rd3 Bg5 1/2-1/2

[Event "Legends and Prodigies"]
[Site "Madrid ESP"]
[Date "2025.09.23"]
[Round "7.4"]
[White "Pichot, Alan"]
[Black "Granda Zuniga, Julio E"]
[Result "1-0"]
[WhiteTitle "GM"]
[BlackTitle "GM"]
[WhiteElo "2588"]
[BlackElo "2628"]
[WhiteFideId "110973"]
[BlackFideId "3800024"]
[EventDate "2025.09.17"]

1. e4 c6 2. d4 d5 3. e5 c5 4. dxc5 e6 5. Nf3 Bxc5 6. a3 Nd7 7. b4 Bb6 8. Bb2 Ne7
9. Bd3 Bc7 10. O-O a5 11. Nbd2 Nc6 12. Re1 axb4 13. axb4 Rxa1 14. Qxa1 Nxb4 15.
Ba3 Ba5 16. Rb1 Nc6 17. c4 Bxd2 18. cxd5 Ba5 19. dxc6 bxc6 20. Qd4 c5 21. Qa4
O-O 22. Rd1 Qc7 23. Qh4 h6 24. Qe4 g6 25. Qf4 Kg7 26. Bb5 Bb4 27. Bc1 g5 28. Qg3 1-0

[Event "Legends and Prodigies"]
[Site "Madrid ESP"]
[Date "2025.09.23"]
[Round "7.5"]
[White "Macias Pino, Diego"]
[Black "Larino Nieto, David"]
[Result "1-0"]
[WhiteTitle "IM"]
[BlackTitle "GM"]
[WhiteElo "2503"]
[BlackElo "2451"]
[WhiteFideId "24529133"]
[BlackFideId "2256444"]
[EventDate "2025.09.17"]

1. d4 g6 2. e4 Bg7 3. c4 e6 4. Nc3 Ne7 5. d5 O-O 6. Bd3 Na6 7. Nge2 Nc5 8. Bc2
exd5 9. exd5 d6 10. Ng3 Nf5 11. Bxf5 Bxf5 12. Nxf5 gxf5 13. O-O Qh4 14. Ne2 Qxc4
15. Ng3 Qg4 16. h3 Qg6 17. Qf3 f4 18. Nh5 Be5 19. Nxf4 Qf5 20. Nh5 Qxf3 21. gxf3
f5 22. f4 Bh8 23. Kg2 Kf7 24. Kf3 a5 25. Ng3 Ke7 26. Rb1 a4 27. Rd1 Ra5 28. Be3
Na6 29. Bd4 Bxd4 30. Rxd4 Rc5 31. Nf1 a3 32. b3 Rc2 33. Ra1 Nc5 34. Ne3 Rc3 35.
Ke2 Ne4 36. f3 Nf6 37. Kd2 Rc5 38. Nxf5+ Kd7 39. Ne3 Rg8 40. Rh1 h5 41. h4 Rg3
42. Ke2 Rc3 43. Kf2 Rg8 44. Rc4 Rxe3 45. Kxe3 Nxd5+ 46. Kf2 c5 47. Ra4 b5 48.
Ra7+ Ke6 49. Re1+ Kf6 50. Rd7 Nxf4 51. Rxd6+ Kf5 52. Rd7 Kf6 53. Re4 Nh3+ 54.
Ke3 Rg1 55. Rd6+ Kf7 56. Rd7+ Kf6 57. Rd6+ Kf7 58. Rd2 Rc1 59. Rh2 Ng1 60. Kf2
b4 61. Kg3 Rc3 62. Rf2 Kf6 63. Kg2 Rc1 64. Rc4 Re1 65. Rf1 Re2+ 66. Rf2 Re1 67.
Rxc5 Ne2 68. Rc4 Kf5 69. Rxb4 Nf4+ 70. Kh2 Nd3 71. Rb5+ Kf4 72. Rc2 Rb1 73. Rc4+
Ke3 74. Rb8 Kf2 75. Rc2+ Kxf3 76. Rf8+ Ke3 77. Re8+ Kf3 78. Rc3 Rb2+ 79. Kh3 Rd2
80. Rd8 Ke2 81. Kg3 Rd1 82. b4 Rg1+ 83. Kh2 Rg4 84. Rdxd3 Rxh4+ 85. Rh3 1-0

[Event "Legends and Prodigies"]
[Site "Madrid ESP"]
[Date "2025.09.24"]
[Round "8.2"]
[White "Martinez Reyes, Pedro Ramon"]
[Black "Oro, Faustino"]
[Result "0-1"]
[WhiteTitle "IM"]
[BlackTitle "IM"]
[WhiteElo "2376"]
[BlackElo "2464"]
[WhiteFideId "3901807"]
[BlackFideId "20000197"]
[EventDate "2025.09.17"]

1. d4 Nf6 2. c4 e6 3. Nc3 Bb4 4. e3 O-O 5. Bd2 d5 6. Nf3 Nbd7 7. Qb3 c5 8. cxd5
exd5 9. dxc5 a5 10. Be2 Nxc5 11. Qd1 Nfe4 12. O-O Bxc3 13. Bxc3 Nxc3 14. bxc3 b6
15. Rb1 Bf5 16. Rb2 Rc8 17. Qd4 Qc7 18. Qxd5 Na4 19. Rd2 g6 20. Nd4 Nxc3 21. Qb3
Nxe2+ 22. Rxe2 Bd7 23. h3 Qd6 24. Rb2 Rb8 25. Rd1 Qf6 26. Qc4 Rfc8 27. Qa6 Rc5
28. Qa7 Qd6 29. Rbd2 Qc7 30. Qa6 Bc8 31. Qe2 Bb7 32. f3 Qe7 33. e4 a4 34. Qf2
Rbc8 35. Nc2 Qe5 36. Ne3 Rc1 37. Ng4 Qf4 38. Qd4 h5 39. Nf6+ Kf8 40. Nd7+ Kg8
41. Nxb6 Rxd1+ 42. Rxd1 Rc2 43. Qxa4 Rc1 44. Kf2 Qh4+ 45. Ke2 Rc5 46. Kf1 Qg5
47. Qe8+ Kg7 48. Nd7 Rc8 49. Qe5+ Qxe5 50. Nxe5 Kf6 51. Nxf7 Ba6+ 52. Kg1 Kxf7
53. Rd7+ Ke6 54. Rg7 Kf6 55. Rd7 Bc4 56. Rd6+ Kg7 57. f4 Bxa2 58. f5 Bf7 59. g4
hxg4 60. hxg4 Rc4 61. fxg6 Bxg6 62. Kf2 Rxe4 63. Kg3 Kh6 64. Kh4 Ra4 65. Rb6 Kg7
66. Rb7+ Bf7 67. Rb6 Re4 68. Kg5 Re5+ 69. Kf4 Ra5 70. Rc6 Be8 71. Re6 Kf7 72.
Re5 Ra4+ 73. Re4 Ra1 74. Kg5 Bd7 75. Rf4+ Ke6 76. Re4+ Kd5 77. Rb4 Ke5 78. Rb7
Be6 79. Rb5+ Bd5 80. Rb2 Ra8 81. Rf2 Be4 82. Rf7 Rg8+ 83. Kh4 Kd4 84. Ra7 Ke3
85. Ra3+ Kf4 86. Ra5 Rxg4+ 87. Kh5 Rg1 88. Kh6 Rg6+ 89. Kh5 Rb6 90. Ra4 Rb1 0-1

[Event "Legends and Prodigies"]
[Site "Madrid ESP"]
[Date "2025.09.24"]
[Round "8.3"]
[White "Cuenca Jimenez, Jose Fernando"]
[Black "Pichot, Alan"]
[Result "1/2-1/2"]
[WhiteTitle "GM"]
[BlackTitle "GM"]
[WhiteElo "2475"]
[BlackElo "2588"]
[WhiteFideId "2255570"]
[BlackFideId "110973"]
[EventDate "2025.09.17"]

1. d4 Nf6 2. c4 e6 3. Nc3 Bb4 4. Qc2 O-O 5. e4 d5 6. e5 Ne4 7. Bd3 c5 8. Nf3
cxd4 9. Nxd4 f5 10. exf6 Nxf6 11. cxd5 exd5 12. O-O Nc6 13. Be3 Kh8 14. Be2 Bd7
15. Rad1 Rc8 16. Qb3 Qa5 17. Ndb5 Be6 18. a3 d4 19. Qxe6 Bxc3 20. Nd6 Rc7 21.
Bc1 Re7 22. Qc4 Qe5 23. bxc3 Qxd6 24. cxd4 b5 25. Qxb5 1/2-1/2

[Event "Legends and Prodigies"]
[Site "Madrid ESP"]
[Date "2025.09.24"]
[Round "8.4"]
[White "Granda Zuniga, Julio E"]
[Black "Almeida Quintana, Omar"]
[Result "1-0"]
[WhiteTitle "GM"]
[BlackTitle "GM"]
[WhiteElo "2628"]
[BlackElo "2494"]
[WhiteFideId "3800024"]
[BlackFideId "3503313"]
[EventDate "2025.09.17"]

1. e4 d6 2. d4 Nf6 3. Nc3 g6 4. Be3 Bg7 5. f3 c6 6. Qd2 Nbd7 7. g4 h6 8. Nge2 b5
9. Ng3 Nb6 10. b3 Qc7 11. Bg2 h5 12. g5 Nfd7 13. f4 b4 14. Nce2 h4 15. Nf1 c5
16. Rd1 Bb7 17. d5 a5 18. Bf2 f6 19. gxf6 Nxf6 20. Ne3 O-O-O 21. c4 Kb8 22. O-O
Rdf8 23. Qe1 h3 24. Bh1 Nh5 25. Bg3 Bc8 26. Bf3 Nxg3 27. hxg3 g5 28. f5 Nd7 29.
Ng4 Ne5 30. Kh2 Rh7 31. Nc1 Nd7 32. Nd3 Bd4 33. Nc1 Qd8 34. Rxd4 cxd4 35. Qd2
Qb6 36. Ne2 d3 37. Qxd3 Nc5 38. Qd2 Rg7 39. Nd4 Bd7 40. Re1 Kc7 41. Bd1 Kb8 42.
Bc2 Nb7 43. e5 Nc5 44. Kxh3 dxe5 45. Rxe5 Qd6 46. Kg2 Rh8 47. Qe3 Kc8 48. Nf3
Rhg8 49. Nd2 Rf8 50. Ne4 Nxe4 51. Bxe4 Rgf7 52. c5 Qc7 53. c6 Bxf5 54. Rxf5 Qd8 1-0

[Event "Legends and Prodigies"]
[Site "Madrid ESP"]
[Date "2025.09.24"]
[Round "8.5"]
[White "Larino Nieto, David"]
[Black "Schnaider, Ilan"]
[Result "0-1"]
[WhiteTitle "GM"]
[BlackTitle "IM"]
[WhiteElo "2451"]
[BlackElo "2409"]
[WhiteFideId "2256444"]
[BlackFideId "169013"]
[EventDate "2025.09.17"]

1. c4 e5 2. Nc3 d6 3. g3 f5 4. d4 Be7 5. dxe5 dxe5 6. Qxd8+ Bxd8 7. e4 Nf6 8.
Bg2 c6 9. Bh3 Na6 10. exf5 Nb4 11. Kd2 e4 12. f3 e3+ 13. Ke2 O-O 14. f4 Nc2 15.
Rb1 Nd4+ 16. Kxe3 Bb6 17. Kf2 Bxf5 18. Bxf5 Nxf5+ 19. Kg2 Bxg1 20. Rxg1 Rad8 21.
b3 h5 22. Nd1 Rfe8 23. Rb2 b5 24. cxb5 cxb5 25. Nf2 b4 26. h3 h4 27. g4 Ng3 28.
Kf3 Rc8 29. Bd2 Nd5 30. Nd3 Rc3 31. Bxc3 bxc3 32. Rbb1 Re3+ 33. Kf2 Ne4+ 0-1

[Event "Legends and Prodigies"]
[Site "Madrid ESP"]
[Date "2025.09.25"]
[Round "9.2"]
[White "Oro, Faustino"]
[Black "Granda Zuniga, Julio E"]
[Result "1/2-1/2"]
[WhiteTitle "IM"]
[BlackTitle "GM"]
[WhiteElo "2464"]
[BlackElo "2628"]
[WhiteFideId "20000197"]
[BlackFideId "3800024"]
[EventDate "2025.09.17"]

1. e4 e5 2. Nf3 Nc6 3. Bc4 Nf6 4. Ng5 d5 5. exd5 Na5 6. Bb5+ c6 7. dxc6 bxc6 8.
Bd3 Nd5 9. Nf3 Bd6 10. O-O Nf4 11. Nc3 Nxd3 12. cxd3 O-O 13. b3 Ba6 14. Re1 Re8
15. Ne4 Bxd3 16. Nxd6 Qxd6 17. Bb2 f6 18. Rc1 c5 19. Re3 Red8 20. Nh4 Rac8 21.
h3 Qd7 22. Rg3 c4 23. Bc3 Nb7 24. Rg4 Nc5 25. bxc4 Ne4 26. Ba5 Rf8 27. Nf3 Qf7
28. Qb3 Nc5 29. Qa3 Bf5 30. Rh4 Nd3 31. Rc3 Qd7 32. c5 e4 33. Nh2 Qd4 34. Rxd3
Qxd3 35. Qxd3 exd3 36. Rc4 Rfe8 37. Rc1 Re4 38. c6 Re5 39. Bb4 Rb5 40. Ba3 Be4
41. c7 Bd5 42. Bd6 Kf7 43. Nf1 Bxa2 44. Rc3 Rb3 45. Rc5 Rb6 46. Bg3 Be6 47. Ra5
Rb7 48. Ra3 Rcxc7 49. Bxc7 Rxc7 50. Ne3 Rd7 51. f4 Ke8 52. Kf2 Kd8 53. Nd1 h5
54. Ra5 h4 55. Nc3 Kc8 56. Rh5 Kb7 57. Rxh4 a5 58. Rh5 Ka6 59. Ke3 Bb3 60. Ne4
Kb6 61. g4 a4 62. Rh8 Ra7 63. Kxd3 a3 64. Rb8+ Kc7 65. Rxb3 a2 66. Rc3+ Kd8 67.
Rc1 a1=Q 68. Rxa1 Rxa1 69. Ke2 Ke7 70. Ng3 Ke6 71. h4 Ra3 72. d3 Ra2+ 73. Ke3
Rg2 74. Kf3 Rd2 75. Ke3 Rg2 76. Ke4 1/2-1/2

[Event "Legends and Prodigies"]
[Site "Madrid ESP"]
[Date "2025.09.25"]
[Round "9.3"]
[White "Almeida Quintana, Omar"]
[Black "Cuenca Jimenez, Jose Fernando"]
[Result "1/2-1/2"]
[WhiteTitle "GM"]
[BlackTitle "GM"]
[WhiteElo "2494"]
[BlackElo "2475"]
[WhiteFideId "3503313"]
[BlackFideId "2255570"]
[EventDate "2025.09.17"]

1. d4 d5 2. c4 c6 3. cxd5 cxd5 4. Nc3 Nc6 5. Bf4 Bf5 6. e3 e6 7. Bd3 Bxd3 8.
Qxd3 Bd6 9. Nge2 Nf6 10. O-O O-O 11. Bxd6 Qxd6 12. Rfc1 Rfc8 13. Na4 Ne7 14. h3
h6 15. a3 Rxc1+ 1/2-1/2

[Event "Legends and Prodigies"]
[Site "Madrid ESP"]
[Date "2025.09.25"]
[Round "9.4"]
[White "Pichot, Alan"]
[Black "Larino Nieto, David"]
[Result "0-1"]
[WhiteTitle "GM"]
[BlackTitle "GM"]
[WhiteElo "2588"]
[BlackElo "2451"]
[WhiteFideId "110973"]
[BlackFideId "2256444"]
[EventDate "2025.09.17"]

1. e4 a6 2. d4 d6 3. Nf3 Nd7 4. c4 e6 5. Nc3 h6 6. g3 g6 7. Bg2 Bg7 8. Be3 c5 9.
O-O Ne7 10. Qd2 cxd4 11. Nxd4 Ne5 12. Qe2 Qc7 13. b3 b5 14. f4 N5c6 15. Nxc6
Nxc6 16. Rac1 b4 17. Na4 O-O 18. c5 d5 19. Nb6 Ra7 20. exd5 exd5 21. Nxd5 Qd8
22. Rfd1 Re8 23. Nxb4 Nd4 24. Qf2 Rd7 25. c6 Rd6 26. Kh1 Kh7 27. c7 Qd7 28. Bxd4
Bxd4 29. Qf3 Re3 30. Qf1 a5 31. Nc2 Rc3 32. Rxd4 Rxd4 33. Nxd4 Qxd4 34. Qe1 Re3
35. Qxa5 Qb2 36. Re1 Qf2 37. Rxe3 Bb7 0-1

[Event "Legends and Prodigies"]
[Site "Madrid ESP"]
[Date "2025.09.25"]
[Round "9.5"]
[White "Macias Pino, Diego"]
[Black "Martinez Reyes, Pedro Ramon"]
[Result "1-0"]
[WhiteTitle "IM"]
[BlackTitle "IM"]
[WhiteElo "2503"]
[BlackElo "2376"]
[WhiteFideId "24529133"]
[BlackFideId "3901807"]
[EventDate "2025.09.17"]

1. d4 d5 2. c4 e6 3. Nc3 Bb4 4. a3 Bxc3+ 5. bxc3 Nf6 6. e3 O-O 7. cxd5 exd5 8.
Bd3 c5 9. Ne2 b6 10. a4 Ba6 11. Bb5 Bxb5 12. axb5 Qd7 13. Qd3 c4 14. Qb1 a5 15.
bxa6 Nxa6 16. O-O b5 17. f3 Rfe8 18. Ng3 h5 19. Re1 h4 20. Nh1 h3 21. g4 Nc7 22.
Rxa8 Rxa8 23. Nf2 Ne6 24. Qf5 Ra2 25. Nxh3 b4 26. cxb4 Qd6 27. Nf2 g6 28. Qe5
Qxb4 29. Rf1 Qe7 30. e4 Qd8 31. g5 Nh5 32. Ng4 Qc7 33. exd5 Ra5 34. Nh6+ Kh7 35.
Qxc7 Nxc7 36. d6 Ne6 37. Nxf7 Rd5 38. Re1 Nhg7 39. Kf2 Kg8 40. Ne5 Rxd6 41. Nxg6
Rxd4 42. Be3 Rd3 43. Ne5 Rd5 44. Ng4 Ra5 45. f4 Nf5 46. Rc1 Ra4 47. Kf3 Nh4+ 48.
Ke4 c3+ 49. Ke5 Nxf4 50. Bxf4 Ng6+ 51. Kf5 Nh4+ 52. Ke6 Rxf4 53. Nf6+ Kg7 54.
Nh5+ 1-0